MARC details
| 000 -LEADER |
| fixed length control field |
04202nam a22005775i 4500 |
| 005 - DATE AND TIME OF LATEST TRANSACTION |
| control field |
20230718140434.0 |
| 006 - FIXED-LENGTH DATA ELEMENTS--ADDITIONAL MATERIAL CHARACTERISTICS |
| fixed length control field |
m|||||o||d|||||||| |
| 007 - PHYSICAL DESCRIPTION FIXED FIELD--GENERAL INFORMATION |
| fixed length control field |
cr || |||||||| |
| 008 - FIXED-LENGTH DATA ELEMENTS--GENERAL INFORMATION |
| fixed length control field |
210202t20152015pl fo d z eng d |
| 010 ## - LIBRARY OF CONGRESS CONTROL NUMBER |
| LC control number |
2016429728 |
| 019 ## - |
| -- |
(OCoLC)979783434 |
| 019 ## - |
| -- |
(OCoLC)980224765 |
| 020 ## - INTERNATIONAL STANDARD BOOK NUMBER |
| International Standard Book Number |
9783110455311 |
| 040 ## - CATALOGING SOURCE |
| Original cataloging agency |
DE-B1597 |
| Language of cataloging |
eng |
| Transcribing agency |
DE-B1597 |
| Description conventions |
rda |
| 041 0# - LANGUAGE CODE |
| Language code of text/sound track or separate title |
eng |
| 050 00 - LIBRARY OF CONGRESS CALL NUMBER |
| Classification number |
E169.12 |
| Item number |
.R27 2015 |
| 050 #4 - LIBRARY OF CONGRESS CALL NUMBER |
| Classification number |
HN59.2 |
| 082 04 - DEWEY DECIMAL CLASSIFICATION NUMBER |
| Classification number |
330 |
| Edition number |
23 |
| 100 1# - MAIN ENTRY--PERSONAL NAME |
| Personal name |
Kanth, Rajani, |
| Relator term |
author. |
| Relator code |
aut |
| -- |
http://id.loc.gov/vocabulary/relators/aut |
| 245 14 - TITLE STATEMENT |
| Title |
The Post-Human Society : |
| Remainder of title |
Elemental Contours of the Aesthetic Economy of the United States / |
| Statement of responsibility, etc. |
Rajani Kanth. |
| 264 #1 - PRODUCTION, PUBLICATION, DISTRIBUTION, MANUFACTURE, AND COPYRIGHT NOTICE |
| Place of production, publication, distribution, manufacture |
Warsaw ; |
| -- |
Berlin : |
| Name of producer, publisher, distributor, manufacturer |
De Gruyter Open Poland, |
| Date of production, publication, distribution, manufacture, or copyright notice |
[2015] |
| 264 #4 - PRODUCTION, PUBLICATION, DISTRIBUTION, MANUFACTURE, AND COPYRIGHT NOTICE |
| Date of production, publication, distribution, manufacture, or copyright notice |
©2015 |
| 300 ## - PHYSICAL DESCRIPTION |
| Extent |
1 online resource (112 p.) |
| 336 ## - CONTENT TYPE |
| Content type term |
text |
| Content type code |
txt |
| Source |
rdacontent |
| 337 ## - MEDIA TYPE |
| Media type term |
computer |
| Media type code |
c |
| Source |
rdamedia |
| 338 ## - CARRIER TYPE |
| Carrier type term |
online resource |
| Carrier type code |
cr |
| Source |
rdacarrier |
| 347 ## - DIGITAL FILE CHARACTERISTICS |
| File type |
text file |
| Encoding format |
PDF |
| Source |
rda |
| 505 00 - FORMATTED CONTENTS NOTE |
| Title |
Frontmatter -- |
| -- |
Contents -- |
| -- |
Acknowledgements -- |
| -- |
Preface -- |
| -- |
1 Foreword -- |
| -- |
2 Sex (and Sublimity) -- |
| -- |
3 Money (and Materiality) -- |
| -- |
4 Health (and Healing) -- |
| -- |
5 Politics (and Power) -- |
| -- |
6 Sport (and Shadowplay) -- |
| -- |
7 Race (and Reason) -- |
| -- |
8 Entertainment (and Edification) -- |
| -- |
9 Soul (and Spirituality) -- |
| -- |
10 Afterword |
| 506 0# - RESTRICTIONS ON ACCESS NOTE |
| Standardized terminology for access restriction |
unrestricted online access |
| Source of term |
star |
| 520 ## - SUMMARY, ETC. |
| Summary, etc. |
The Post-Human Society is a rich, unique, path-breaking, belletristic and literary 'crie de coeur' work - a lyrical expose of all the internal infelicities (social, political, aesthetic) of the United States of America. In its vivid contrasting of the mores of competition, avarice, and greed to communitarian, co-respecting and co-operative values, it abounds with colorful, vibrant, breathtaking images and tropes. Utilizing a novel, First Person Narrative, the author Rajani Kanth offers a poignant critique of the rabid, runaway materialism that has been the bane of all modernist, European societies, to date. It is evocative in its approach to the fading genre of the iconic anthropology/sociology classics of the yesteryear. Ultimately, it is a critique of the ruling ethos of our times: Eurocentrism - i.e., selfish and acquisitive materialism, of which the contemporary USA is the trend-setter and the unchallenged gold standard. DR. RAJANI KANTH has an MA in Social Anthropology from the Delhi School of Economics, India, and a PhD in Economics from the New School for Social Research, New York, USA. After serving as Economic Advisor to the UN in New York, he taught as University Professor, and is currently based at Harvard University. |
| 538 ## - SYSTEM DETAILS NOTE |
| System details note |
Mode of access: Internet via World Wide Web. |
| 540 ## - TERMS GOVERNING USE AND REPRODUCTION NOTE |
| Terms governing use and reproduction |
This eBook is made available Open Access. Unless otherwise specified individually in the content, the work is licensed under the Creative Commons Attribution-NonCommercial-NoDerivatives (CC BY-NC-ND) license: |
| Uniform Resource Identifier |
<a href="https://creativecommons.org/licenses/by-nc-nd/3.0 ">https://creativecommons.org/licenses/by-nc-nd/3.0 </a> |
| -- |
<a href="https://www.degruyter.com/dg/page/open-access-policy">https://www.degruyter.com/dg/page/open-access-policy</a> |
| 546 ## - LANGUAGE NOTE |
| Language note |
In English. |
| 588 0# - SOURCE OF DESCRIPTION NOTE |
| Source of description note |
Description based on online resource; title from PDF title page (publisher's Web site, viewed 02. Feb 2021) |
| 650 #0 - SUBJECT ADDED ENTRY--TOPICAL TERM |
| Topical term or geographic name entry element |
Aesthetics |
| General subdivision |
Economic aspects |
| Geographic subdivision |
United States |
| General subdivision |
History |
| Chronological subdivision |
21st century. |
| 650 #0 - SUBJECT ADDED ENTRY--TOPICAL TERM |
| Topical term or geographic name entry element |
Alienation (Social psychology) |
| Geographic subdivision |
United States |
| General subdivision |
History. |
| 650 #0 - SUBJECT ADDED ENTRY--TOPICAL TERM |
| Topical term or geographic name entry element |
Americans |
| Geographic subdivision |
United States |
| General subdivision |
Social life and customs |
| Chronological subdivision |
21st century. |
| 650 #0 - SUBJECT ADDED ENTRY--TOPICAL TERM |
| Topical term or geographic name entry element |
Culture |
| General subdivision |
Economic aspects |
| Geographic subdivision |
United States |
| General subdivision |
History |
| Chronological subdivision |
21st century. |
| 650 #0 - SUBJECT ADDED ENTRY--TOPICAL TERM |
| Topical term or geographic name entry element |
Economic history and conditions. |
| 650 #0 - SUBJECT ADDED ENTRY--TOPICAL TERM |
| Topical term or geographic name entry element |
Philosophical anthropology |
| Geographic subdivision |
United States. |
| 650 #0 - SUBJECT ADDED ENTRY--TOPICAL TERM |
| Topical term or geographic name entry element |
Sociology (General). |
| 650 #0 - SUBJECT ADDED ENTRY--TOPICAL TERM |
| Topical term or geographic name entry element |
Values |
| Geographic subdivision |
United States. |
| 650 #7 - SUBJECT ADDED ENTRY--TOPICAL TERM |
| Topical term or geographic name entry element |
BUSINESS & ECONOMICS / Economic History. |
| Source of heading or term |
bisacsh |
| 653 ## - INDEX TERM--UNCONTROLLED |
| Uncontrolled term |
Post-Humanism, American culture, Materialism-Amorality. |
| 776 0# - ADDITIONAL PHYSICAL FORM ENTRY |
| Qualifying information |
EPUB |
| International Standard Book Number |
9783110455465 |
| 776 0# - ADDITIONAL PHYSICAL FORM ENTRY |
| Qualifying information |
print |
| International Standard Book Number |
9783110455304 |
| 856 40 - ELECTRONIC LOCATION AND ACCESS |
| Uniform Resource Identifier |
<a href="https://doi.org/10.1515/9783110455311">https://doi.org/10.1515/9783110455311</a> |
| Public note |
Open Access |
| -- |
0 |
| 856 40 - ELECTRONIC LOCATION AND ACCESS |
| Uniform Resource Identifier |
<a href="https://www.degruyter.com/isbn/9783110455311">https://www.degruyter.com/isbn/9783110455311</a> |
| Public note |
Open Access |
| -- |
0 |
| 856 42 - ELECTRONIC LOCATION AND ACCESS |
| Materials specified |
Cover |
| Uniform Resource Identifier |
<a href="https://www.degruyter.com/cover/covers/9783110455311.jpg">https://www.degruyter.com/cover/covers/9783110455311.jpg</a> |
| 942 ## - ADDED ENTRY ELEMENTS (KOHA) |
| Koha item type |
E-Book |